<?xml version="1.0" encoding="UTF-8"?><?xml-stylesheet type="text/xsl" href="static/style.xsl"?><OAI-PMH xmlns="http://www.openarchives.org/OAI/2.0/" xmlns:xsi="http://www.w3.org/2001/XMLSchema-instance" xsi:schemaLocation="http://www.openarchives.org/OAI/2.0/ http://www.openarchives.org/OAI/2.0/OAI-PMH.xsd"><responseDate>2026-04-14T06:04:27Z</responseDate><request verb="GetRecord" identifier="oai:www.recercat.cat:2445/218190" metadataPrefix="marc">https://recercat.cat/oai/request</request><GetRecord><record><header><identifier>oai:recercat.cat:2445/218190</identifier><datestamp>2026-02-20T14:57:26Z</datestamp><setSpec>com_2072_1057</setSpec><setSpec>col_2072_478917</setSpec><setSpec>col_2072_478922</setSpec></header><metadata><record xmlns="http://www.loc.gov/MARC21/slim" xmlns:dcterms="http://purl.org/dc/terms/" xmlns:xsi="http://www.w3.org/2001/XMLSchema-instance" xmlns:doc="http://www.lyncode.com/xoai" xsi:schemaLocation="http://www.loc.gov/MARC21/slim http://www.loc.gov/standards/marcxml/schema/MARC21slim.xsd">
   <leader>00925njm 22002777a 4500</leader>
   <datafield ind2=" " ind1=" " tag="042">
      <subfield code="a">dc</subfield>
   </datafield>
   <datafield ind2=" " ind1=" " tag="720">
      <subfield code="a">Quirós Domínguez, Carolina</subfield>
      <subfield code="e">author</subfield>
   </datafield>
   <datafield ind2=" " ind1=" " tag="720">
      <subfield code="a">Ormaechea-Otalora, Ana Valeria de</subfield>
      <subfield code="e">author</subfield>
   </datafield>
   <datafield ind2=" " ind1=" " tag="720">
      <subfield code="a">Valls Figuera, Robert-Guerau</subfield>
      <subfield code="e">author</subfield>
   </datafield>
   <datafield ind2=" " ind1=" " tag="260">
      <subfield code="c">2025-01-29T18:10:10Z</subfield>
   </datafield>
   <datafield ind2=" " ind1=" " tag="260">
      <subfield code="c">2025-01-29T18:10:10Z</subfield>
   </datafield>
   <datafield ind2=" " ind1=" " tag="260">
      <subfield code="c">2024-06-06</subfield>
   </datafield>
   <datafield ind2=" " ind1=" " tag="260">
      <subfield code="c">2025-01-29T18:10:11Z</subfield>
   </datafield>
   <datafield ind2=" " ind1=" " tag="520">
      <subfield code="a">En los últimos años ha habido un importante aumento en la oferta y el interés en cursar estudios de máster debido a diversos factores, como los cambios en el mercado laboral, la demanda de formación continua o la motivación por desarrollarse profesionalmente, entre otros. En un mundo en constante transformación, la inserción laboral de las personas graduadas es un tema relevante para los sistemas educativos. Esta investigación pretende describir y analizar la percepción del alumnado titulado del máster en Psicopedagogía respecto al impacto de los estudios en su inserción laboral. Para ello se realizó una investigación cuantitativa de tipo ex post facto, durante la cual se analizó la percepción del alumnado titulado del máster no presencial en Psicopedagogía en un centro adscrito a la Universidad de Barcelona y se aplicó un cuestionario a una muestra de 199 estudiantes residentes en España y en diversos países de Latinoamérica y el Caribe. Los resultados indican que la principal motivación es el progreso profesional y la mejora de las oportunidades laborales y, en cuanto a la trayectoria y al impacto de la formación, se encontraron diferencias relacionadas con el lugar de residencia del alumnado</subfield>
   </datafield>
   <datafield tag="653" ind2=" " ind1=" ">
      <subfield code="a">Psicologia pedagògica</subfield>
   </datafield>
   <datafield tag="653" ind2=" " ind1=" ">
      <subfield code="a">Inserció laboral</subfield>
   </datafield>
   <datafield tag="653" ind2=" " ind1=" ">
      <subfield code="a">Estudis de postgrau</subfield>
   </datafield>
   <datafield tag="653" ind2=" " ind1=" ">
      <subfield code="a">Motivació en l'educació</subfield>
   </datafield>
   <datafield tag="653" ind2=" " ind1=" ">
      <subfield code="a">Educational psychology</subfield>
   </datafield>
   <datafield tag="653" ind2=" " ind1=" ">
      <subfield code="a">Occupational integration</subfield>
   </datafield>
   <datafield tag="653" ind2=" " ind1=" ">
      <subfield code="a">Postgraduate work</subfield>
   </datafield>
   <datafield tag="653" ind2=" " ind1=" ">
      <subfield code="a">Motivation in education</subfield>
   </datafield>
   <datafield ind2="0" ind1="0" tag="245">
      <subfield code="a">Percepción del alumnado de España y Latinoamérica sobre el impacto del máster en línea en Psicopedagogía en su desarrollo profesional</subfield>
   </datafield>
   <datafield ind2="0" ind1="0" tag="245">
      <subfield code="a">Percepció de l’alumnat d’Espanya i Llatinoamèrica sobre l’impacte del màster en línia en Psicopedagogia en referència al seu desenvolupament professional</subfield>
   </datafield>
   <datafield ind2="0" ind1="0" tag="245">
      <subfield code="a">The views of students from Spain and Latin America on the impact of the on-line master’s degree in psychopedagogy on their professional development</subfield>
   </datafield>
</record></metadata></record></GetRecord></OAI-PMH>